Statistics for AEW Womens World Title PPV Defenses

Click here to take the quiz!

General Stats

  • This quiz has been taken 12 times
  • The average score is 43 of 49

Answer Stats

EventWrestler% Correct
Double or Nothing 2021Britt Baker
100%
All In 2023Britt Baker
100%
All Out 2022Britt Baker
100%
Revolution 2022Britt Baker
100%
Full Gear 2021Britt Baker
100%
All Out 2021Britt Baker
100%
Full Gear 2019Riho
100%
Worlds End 2023Riho
100%
All In 2023Saraya
100%
Revolution 2023Saraya
100%
Forbidden Door 2022Thunder Rosa
100%
Double or Nothing 2022Thunder Rosa
100%
Revolution 2022Thunder Rosa
100%
Dynasty 2024Thunder Rosa
100%
All Out 2020Thunder Rosa
100%
All Out 2022Toni Storm
100%
Full Gear 2022Toni Storm
100%
Dynasty 2024Toni Storm
100%
Revolution 2024Toni Storm
100%
Worlds End 2023Toni Storm
100%
Full Gear 2023Toni Storm
100%
All In 2023Toni Storm
100%
Forbidden Door 2022Toni Storm
100%
Forbidden Door 2023Toni Storm
100%
Double or Nothing 2023Toni Storm
100%
Full Gear 2023Hikaru Shida
89%
All In 2023Hikaru Shida
89%
Double or Nothing 2020Hikaru Shida
89%
Double or Nothing 2021Hikaru Shida
89%
Full Gear 2020Hikaru Shida
89%
All Out 2022Hikaru Shida
89%
All Out 2020Hikaru Shida
89%
Revolution 2021Hikaru Shida
89%
Full Gear 2022Jamie Hayter
89%
Double or Nothing 2023Jamie Hayter
89%
All Out 2022Jamie Hayter
89%
Revolution 2023Jamie Hayter
89%
Revolution 2020Nyla Rose
89%
Double or Nothing 2020Nyla Rose
89%
Full Gear 2020Nyla Rose
89%
Revolution 2024Deonna Purrazzo
78%
Revolution 2020Kris Statlander
78%
All Out 2021Kris Statlander
78%
Revolution 2023Ruby Soho
78%
Double or Nothing 2022Serena Deeb
56%
Forbidden Door 2023Willow Nightingale
56%
Full Gear 2019Emi Sakura
33%
Full Gear 2021Tay Conti
33%
Revolution 2021Ryo Mizunami
22%

Score Distribution

Percentile by Number Answered

Percent of People with Each Score

Your Score History

You have not taken this quiz